Những nguyên lý về lý luận văn học

Gespeichert in:
Bibliographische Detailangaben
1. Verfasser: Hà Minh Đức
Format: Buch
Sprache:Undetermined
Veröffentlicht: Hà Nội Giáo dục 1962
Schlagworte:
Tags: Tag hinzufügen
Keine Tags, Fügen Sie den ersten Tag hinzu!
Thư viện lưu trữ: Trung tâm Học liệu Trường Đại học Cần Thơ
LEADER 00529nam a2200169Ia 4500
001 CTU_46500
008 210402s9999 xx 000 0 und d
082 |a 801.95 
082 |b Đ552/T3 
100 |a Hà Minh Đức 
245 0 |a Những nguyên lý về lý luận văn học 
245 0 |c Hà Minh Đức 
260 |a Hà Nội 
260 |b Giáo dục 
260 |c 1962 
650 |a literature - history and criticism,literature - philosophy 
980 |a Trung tâm Học liệu Trường Đại học Cần Thơ